| 000 | 00588nam a2200205Ia 4500 | ||
|---|---|---|---|
| 005 | 20240316094445.0 | ||
| 008 | 131103s9999 xx 000 0 und d | ||
| 040 | _aLoreto College | ||
| 041 | _aEnglish | ||
| 082 |
_a373.42 _bGRO |
||
| 245 |
_aBritish Secondary Education, _b _cEditor: Richard E.Gross |
||
| 250 | _aoverview and appraisal | ||
| 260 |
_aLondon _bOxford University Press _c1965 |
||
| 300 |
_a589 p. _b illus. |
||
| 650 | _aSecondary Education | ||
| 651 | _aGreat Britain - Secondary Education | ||
| 700 | _aGross,Richard E.,ed. | ||
| 850 | _aLCLIB | ||
| 942 | _cBK | ||
| 999 |
_c10651 _d61130 |
||